[Event "Baltic Sea Cup"]
[Site "Ronne"]
[Date "2007.08.04"]
[Round "8.35"]
[White "Nilsen, Joachim Birger"]
[Black "Hindenes, Andreas Kvinge"]
[Result "1-0"]
[WhiteElo "1958"]
[BlackElo "1664"]
[PlyCount "119"]
[EventDate "2007.??.??"]
[EventType "swiss"]
[EventRounds "9"]
[EventCountry "DEN"]
[SourceDate "2005.12.01"]
[WhiteTeam "Denmark"]
[BlackTeam "Denmark"]
[WhiteTeamCountry "DEN"]
[BlackTeamCountry "DEN"]

1. e4 c5 2. Nf3 Nc6 3. d4 cxd4 4. Nxd4 Nf6 5. Nc3 e5 6. Ndb5 d6 7. Bg5 a6 8.
Na3 b5 9. Bxf6 gxf6 10. Nd5 f5 11. Bd3 Be6 12. Qh5 Bg7 13. O-O f4 14. c4 bxc4
15. Nxc4 Bxd5 16. exd5 Ne7 17. Bf5 Ng6 18. Rac1 O-O 19. b4 Rb8 20. Na5 Qb6 21.
a3 Qb5 22. Rc3 e4 {=} 23. Rh3 h6 24. Bxe4 Rbe8 25. Bd3 Qd7 26. Bxg6 fxg6 27.
Qxg6 Rf6 28. Qd3 Rf5 29. Nc6 Qf7 30. Rf3 Rxd5 31. Qc4 Rf5 32. Qxa6 Qd5 33. Qd3
Re4 34. Qxd5+ Rxd5 35. Rxf4 Rxf4 36. Ne7+ Kf7 37. Nxd5 Rd4 38. Ne3 Rd3 39. a4
Ke6 40. Rb1 Ra3 41. a5 Bc3 42. Nd1 Bd4 43. Kf1 Kd5 44. Ne3+ Bxe3 45. fxe3 Ke4
46. b5 Rxa5 47. b6 Ra8 48. b7 Rb8 49. Ke2 h5 50. Rb4+ Ke5 51. Kd3 d5 52. Rb6 h4
53. g4 h3 54. g5 d4 55. g6 dxe3 56. g7 Kf4 57. Ke2 Ke4 58. Rb4+ Kf5 59. g8=Q
Rxg8 60. b8=Q 1-0

[Event "Baltic Sea Cup"]
[Site "Ronne"]
[Date "2007.08.04"]
[Round "8.36"]
[White "Hirneise, Jens"]
[Black "Wilsbeck, Jan Borge"]
[Result "1-0"]
[WhiteElo "2090"]
[BlackElo "1925"]
[PlyCount "119"]
[EventDate "2007.??.??"]
[EventType "swiss"]
[EventRounds "9"]
[EventCountry "DEN"]
[SourceDate "2005.12.01"]
[WhiteTeam "Denmark"]
[BlackTeam "Denmark"]
[WhiteTeamCountry "DEN"]
[BlackTeamCountry "DEN"]

1. e4 c5 2. Nf3 e6 3. d4 cxd4 4. Nxd4 a6 5. Nc3 Qc7 6. Bd3 b5 7. Qe2 d6 8. O-O
b4 9. Nd1 Nf6 10. c3 bxc3 11. Nxc3 Bb7 12. Bg5 Be7 13. Rac1 Qa5 14. Qd2 h6 15.
Bf4 Nc6 16. Nxc6 Bxc6 17. a3 Qb6 18. b4 O-O 19. Be3 Qb7 20. f3 Rfd8 21. Qb2
Rab8 22. Qe2 Ra8 23. Rfd1 Bf8 24. Bd4 e5 25. Bf2 Kh8 26. Bc4 g5 27. Qa2 Kg7 28.
Nd5 Nd7 29. Ne3 Nf6 30. Nf5+ Kg6 31. Bxf7+ Qxf7 32. Qxf7+ Kxf7 33. Rxc6 d5 34.
exd5 Nxd5 35. Nxh6+ Bxh6 36. Rxh6 Nf6 37. Re1 Rd3 38. Be3 g4 39. f4 e4 40. Bc1
Kg7 41. Rh4 Rc8 42. Bb2 Rc2 43. Rxg4+ Kf7 44. Bxf6 Kxf6 45. h4 Rd4 46. Rg5 Rc3
47. Re5 Rcc4 48. h5 Kg7 49. Re6 a5 50. bxa5 e3 51. R1xe3 Rxf4 52. Rg6+ Kf7 53.
Rf3 Rxf3 54. gxf3 Rh4 55. Rg5 Kf6 56. Rb5 Ra4 57. h6 Rxa3 58. Rb6+ Kf7 59. a6
Rxf3 60. Rb7+ 1-0

[Event "Baltic Sea Cup"]
[Site "Ronne"]
[Date "2007.08.04"]
[Round "8.37"]
[White "Pieri, Enzo"]
[Black "Hoffmann, Steffen"]
[Result "1/2-1/2"]
[WhiteElo "1909"]
[BlackElo "2076"]
[PlyCount "26"]
[EventDate "2007.??.??"]
[EventType "swiss"]
[EventRounds "9"]
[EventCountry "DEN"]
[SourceDate "2005.12.01"]
[WhiteTeam "Denmark"]
[BlackTeam "Denmark"]
[WhiteTeamCountry "DEN"]
[BlackTeamCountry "DEN"]

1. e4 c5 2. Nf3 a6 3. d4 cxd4 4. Nxd4 Nf6 5. Nc3 e5 6. Nb3 Bb4 7. Bd3 d5 8.
exd5 Nxd5 9. Bd2 Nxc3 10. bxc3 Be7 11. O-O O-O 12. f4 Nd7 13. fxe5 Nxe5 1/2-1/2

[Event "Baltic Sea Cup"]
[Site "Ronne"]
[Date "2007.08.04"]
[Round "8.38"]
[White "Jensen, Jan Kargaard"]
[Black "Andersen, Rune"]
[Result "0-1"]
[WhiteElo "1894"]
[BlackElo "2076"]
[PlyCount "76"]
[EventDate "2007.??.??"]
[EventType "swiss"]
[EventRounds "9"]
[EventCountry "DEN"]
[SourceDate "2005.12.01"]
[WhiteTeam "Denmark"]
[BlackTeam "Denmark"]
[WhiteTeamCountry "DEN"]
[BlackTeamCountry "DEN"]

1. d4 d5 2. Bf4 c5 3. e3 Nc6 4. Nf3 Qb6 5. b3 cxd4 6. exd4 Bg4 7. Be3 Rc8 8.
Be2 e6 9. O-O Nf6 10. Nbd2 Be7 11. c4 O-O 12. c5 Qc7 13. a3 a5 14. Ne1 Bxe2 15.
Qxe2 Rfe8 16. Nd3 b6 17. b4 axb4 18. axb4 bxc5 19. bxc5 Nd7 20. f4 f5 21. Nf3
Bf6 22. Nfe5 Ndxe5 23. Nxe5 Bxe5 24. fxe5 Na5 25. Ra4 Nc4 26. Rfa1 Rb8 27. Ra7
Rb7 28. Rxb7 Qxb7 29. Bf2 Rb8 30. h3 Qf7 31. Qa2 h6 32. Qa6 f4 33. c6 Rb6 34.
Qa8+ Kh7 35. Ra7 Qg6 36. c7 Rb1+ 37. Kh2 Ne3 38. c8=Q Qxg2# 0-1

[Event "Baltic Sea Cup"]
[Site "Ronne"]
[Date "2007.08.04"]
[Round "8.39"]
[White "Kristiansen, Orla"]
[Black "Grand, Hans Henrik"]
[Result "1/2-1/2"]
[WhiteElo "1842"]
[BlackElo "2076"]
[PlyCount "48"]
[EventDate "2007.??.??"]
[EventType "swiss"]
[EventRounds "9"]
[EventCountry "DEN"]
[SourceDate "2005.12.01"]
[WhiteTeam "Denmark"]
[BlackTeam "Denmark"]
[WhiteTeamCountry "DEN"]
[BlackTeamCountry "DEN"]

1. c4 e6 2. Nf3 d5 3. d4 c6 4. Nc3 f5 5. g3 Nf6 6. Bg2 Be7 7. O-O O-O 8. Bg5
Nbd7 9. b3 h6 10. Bxf6 Bxf6 11. cxd5 exd5 12. e3 Be7 13. Qd3 Bd6 14. a3 a5 15.
Rfb1 Qe7 16. Ra2 g5 17. b4 axb4 18. axb4 Rxa2 19. Nxa2 b5 20. Qc3 Bb7 21. Nc1
Nb6 22. Nd3 Nc4 23. Ra1 Bb8 24. Nfe5 Bxe5 1/2-1/2

[Event "Baltic Sea Cup"]
[Site "Ronne"]
[Date "2007.08.04"]
[Round "8.40"]
[White "Kraft, Rene"]
[Black "Maas, Thomas"]
[Result "0-1"]
[WhiteElo "1678"]
[BlackElo "2071"]
[PlyCount "76"]
[EventDate "2007.??.??"]
[EventType "swiss"]
[EventRounds "9"]
[EventCountry "DEN"]
[SourceDate "2005.12.01"]
[WhiteTeam "Denmark"]
[BlackTeam "Denmark"]
[WhiteTeamCountry "DEN"]
[BlackTeamCountry "DEN"]

1. c4 Nf6 2. Nc3 e5 3. b3 d5 4. cxd5 Nxd5 5. Bb2 Nc6 6. e3 Ndb4 7. Rc1 Nd3+ 8.
Bxd3 Qxd3 9. Nge2 Bf5 10. Ng3 Bg6 11. Qe2 O-O-O 12. Qxd3 Bxd3 13. Na4 Bg6 14.
a3 f6 15. Nc5 Bxc5 16. Rxc5 Rd3 17. Rc3 Rhd8 18. Rxd3 Rxd3 19. Bc3 Rd5 20. Ne2
Bc2 21. Nc1 Na5 22. Bxa5 Rxa5 23. a4 b5 24. d3 bxa4 25. b4 Ra6 26. b5 Rb6 27.
Kd2 Bb3 28. Nxb3 axb3 29. Kc3 Rxb5 30. Rb1 b2 31. h4 Kd7 32. g3 h5 33. f4 exf4
34. exf4 f5 35. Rxb2 Rxb2 36. Kxb2 Ke6 37. Kb3 Kd5 38. Kb4 Kd4 0-1

[Event "Baltic Sea Cup"]
[Site "Ronne"]
[Date "2007.08.04"]
[Round "8.41"]
[White "Skogli, Pal"]
[Black "Schiendorfer, Florian"]
[Result "0-1"]
[WhiteElo "1634"]
[BlackElo "2059"]
[PlyCount "90"]
[EventDate "2007.??.??"]
[EventType "swiss"]
[EventRounds "9"]
[EventCountry "DEN"]
[SourceDate "2005.12.01"]
[WhiteTeam "Denmark"]
[BlackTeam "Denmark"]
[WhiteTeamCountry "DEN"]
[BlackTeamCountry "DEN"]

1. Nf3 f5 2. c4 Nf6 3. d3 g6 4. Nc3 Bg7 5. e4 d6 6. Be2 O-O 7. Bg5 c6 8. Qd2 e5
9. exf5 Bxf5 10. Ne4 Qe7 11. Nxf6+ Bxf6 12. Bxf6 Qxf6 13. Qg5 Nd7 14. h4 Rae8
15. O-O-O Nc5 16. g4 e4 17. gxf5 exf3 18. Qxf6 Rxf6 19. Bxf3 Rxf5 20. Bg4 Rxf2
21. h5 g5 22. d4 Ne4 23. d5 c5 24. Rde1 Rf4 25. Be6+ Kg7 26. h6+ Kg6 27. Re3
Nf6 28. b3 Rf8 29. a3 g4 30. Kc2 Kg5 31. Rh2 Nh5 32. Kd3 Kxh6 33. b4 b6 34. Bd7
Kg5 35. Re6 R4f6 36. Re4 Nf4+ 37. Ke3 h5 38. Be8 h4 39. Bd7 g3 40. Rh1 Ng2+ 41.
Kd3 Rf3+ 42. Kd2 Rf2+ 43. Kd1 Nf4 44. Re7 g2 45. Rg7+ Ng6 0-1

[Event "Baltic Sea Cup"]
[Site "Ronne"]
[Date "2007.08.04"]
[Round "8.42"]
[White "Grandadam, Nicolas"]
[Black "Nielsen, Rasmus Lundberg"]
[Result "0-1"]
[WhiteElo "2022"]
[BlackElo "1795"]
[PlyCount "48"]
[EventDate "2007.??.??"]
[EventType "swiss"]
[EventRounds "9"]
[EventCountry "DEN"]
[SourceDate "2005.12.01"]
[WhiteTeam "Denmark"]
[BlackTeam "Denmark"]
[WhiteTeamCountry "DEN"]
[BlackTeamCountry "DEN"]

1. d4 e6 2. c4 f5 3. Nf3 Nf6 4. g3 Be7 5. Bg2 O-O 6. O-O d6 7. Nc3 Qe8 8. Re1
Qg6 9. Qc2 Ne4 10. Nd2 Nxc3 11. Qxc3 Nc6 12. f4 Bf6 13. Bxc6 bxc6 14. e4 c5 15.
e5 cxd4 16. Qxd4 dxe5 17. fxe5 Be7 18. Nf3 Bb7 19. Qf4 Qh5 20. Rf1 Bc5+ 21. Be3
Bxe3+ 22. Qxe3 f4 23. Qb3 Rab8 24. c5 Bd5 0-1

[Event "Baltic Sea Cup"]
[Site "Ronne"]
[Date "2007.08.04"]
[Round "8.43"]
[White "Andersen, Daniel"]
[Black "Dinesen, Erland"]
[Result "1-0"]
[WhiteElo "1997"]
[BlackElo "1586"]
[PlyCount "107"]
[EventDate "2007.??.??"]
[EventType "swiss"]
[EventRounds "9"]
[EventCountry "DEN"]
[SourceDate "2005.12.01"]
[WhiteTeam "Denmark"]
[BlackTeam "Denmark"]
[WhiteTeamCountry "DEN"]
[BlackTeamCountry "DEN"]

1. c4 Nf6 2. Nc3 g6 3. e4 d6 4. d4 Bg7 5. f3 Nc6 6. Be3 e5 7. d5 Ne7 8. Qd2 h5
9. O-O-O b6 10. h4 Bd7 11. Kb1 Qb8 12. Nh3 Bxh3 13. Rxh3 Qb7 14. Bd3 a6 15. Rg1
O-O-O 16. Ne2 Rdg8 17. g4 Kb8 18. g5 Nd7 19. b4 c6 20. dxc6 Nxc6 21. Bc2 Qc7
22. Rd1 Rd8 23. Rhh1 Nd4 24. Nxd4 exd4 25. Bxd4 Bxd4 26. Qxd4 Ne5 27. f4 Nxc4
28. Bd3 Na3+ 29. Kb2 Nb5 30. Bxb5 axb5 31. Qd5 Qc4 32. Qxc4 bxc4 33. Kc3 Rhe8
34. Rhe1 Kb7 35. Kxc4 Kc7 36. Kd5 Ra8 37. Rc1+ Kd7 38. Rc6 Rxa2 39. Rxd6+ Ke7
40. Rxb6 Rh2 41. f5 Rd8+ 42. Ke5 gxf5 43. Kxf5 Rxh4 44. Rg1 Rd7 45. Rb8 Rh2 46.
b5 Rc2 47. Rh1 Rf2+ 48. Ke5 Rc7 49. Rxh5 Rg2 50. b6 Rc5+ 51. Kf4 Kd7 52. Rf8
Kc6 53. Rh6+ Kb5 54. b7 1-0

[Event "Baltic Sea Cup"]
[Site "Ronne"]
[Date "2007.08.04"]
[Round "8.44"]
[White "Knudsen, Jes West"]
[Black "Pedersen, Lasse"]
[Result "1-0"]
[WhiteElo "1990"]
[BlackElo "1062"]
[PlyCount "67"]
[EventDate "2007.??.??"]
[EventType "swiss"]
[EventRounds "9"]
[EventCountry "DEN"]
[SourceDate "2005.12.01"]
[WhiteTeam "Denmark"]
[BlackTeam "Denmark"]
[WhiteTeamCountry "DEN"]
[BlackTeamCountry "DEN"]

1. e4 c6 2. d4 d5 3. e5 Bf5 4. g4 Bg6 5. Ne2 e6 6. Nbc3 Nd7 7. h4 h6 8. Nf4 Bh7
9. Bd3 Bxd3 10. Qxd3 c5 11. Nxe6 Qb6 12. Nxf8 Nxf8 13. Nxd5 Qc6 14. Qb5 O-O-O
15. Qxc6+ bxc6 16. Nc3 cxd4 17. Ne4 Kc7 18. Bd2 Rd5 19. O-O-O Rxe5 20. Bf4 Nd7
21. Rxd4 Ne7 22. Rxd7+ Kxd7 23. Bxe5 f6 24. Rd1+ Ke6 25. Bg3 Nd5 26. c4 Nb6 27.
Rd6+ Ke7 28. Rxc6 Rc8 29. Rxc8 Nxc8 30. c5 a6 31. Bd6+ Nxd6 32. cxd6+ Kd7 33.
h5 Ke6 34. f4 1-0

[Event "Baltic Sea Cup"]
[Site "Ronne"]
[Date "2007.08.04"]
[Round "8.45"]
[White "Olsen, Lars Moller"]
[Black "Adolfssen, Rico"]
[Result "1/2-1/2"]
[WhiteElo "1961"]
[BlackElo "1752"]
[PlyCount "64"]
[EventDate "2007.??.??"]
[EventType "swiss"]
[EventRounds "9"]
[EventCountry "DEN"]
[SourceDate "2005.12.01"]
[WhiteTeam "Denmark"]
[BlackTeam "Denmark"]
[WhiteTeamCountry "DEN"]
[BlackTeamCountry "DEN"]

1. d4 e6 2. c4 Nf6 3. g3 d5 4. Bg2 c5 5. Nf3 Nc6 6. O-O dxc4 7. dxc5 Qxd1 8.
Rxd1 Bxc5 9. Nbd2 Ng4 10. Ne4 Be7 11. h3 Nf6 12. Nfd2 Nxe4 13. Nxe4 O-O 14. Be3
e5 15. Bc5 Re8 16. Bxe7 Rxe7 17. Nc5 Nd4 18. Rd2 Ne6 19. Rad1 g6 20. Ne4 Rb8
21. a4 b6 22. Nd6 Nc5 23. Nxc4 Bb7 24. Rd8+ Rxd8 25. Rxd8+ Kg7 26. Bxb7 Nxb7
27. Rd5 Kf6 28. b4 Kf5 29. f3 f6 30. e4+ Ke6 31. a5 bxa5 32. bxa5 Rc7 1/2-1/2

[Event "Baltic Sea Cup"]
[Site "Ronne"]
[Date "2007.08.04"]
[Round "8.46"]
[White "Lardot, Derik"]
[Black "Berg, Peter"]
[Result "0-1"]
[WhiteElo "2034"]
[BlackElo "1966"]
[PlyCount "66"]
[EventDate "2007.??.??"]
[EventType "swiss"]
[EventRounds "9"]
[EventCountry "DEN"]
[SourceDate "2005.12.01"]
[WhiteTeam "Denmark"]
[BlackTeam "Denmark"]
[WhiteTeamCountry "DEN"]
[BlackTeamCountry "DEN"]

1. e4 c5 2. c3 Nf6 3. e5 Nd5 4. d4 cxd4 5. Nf3 e6 6. cxd4 d6 7. Nc3 Nxc3 8.
bxc3 Nc6 9. exd6 Bxd6 10. Bd3 b6 11. O-O Qc7 12. Re1 O-O 13. Re4 f5 14. Rh4 Be7
15. Bg5 Qd8 16. Bxe7 Qxe7 17. Bb5 Na5 18. Rh3 h6 19. Ba4 Bb7 20. Ne5 g6 21. Rc1
Rac8 22. Bb3 Kg7 23. Qe2 Rc7 24. Re1 Rfc8 25. c4 Be4 26. Rg3 Nc6 27. Nxc6 Rxc6
28. d5 exd5 29. cxd5 R6c7 30. Re3 f4 31. Qd2 Qd6 32. Qd4+ Qf6 33. Qxe4 Rc1 0-1

[Event "Baltic Sea Cup"]
[Site "Ronne"]
[Date "2007.08.04"]
[Round "8.47"]
[White "Hansen, Ib Lynaes"]
[Black "Noer, Martin Stampe"]
[Result "1/2-1/2"]
[WhiteElo "1926"]
[BlackElo "1766"]
[PlyCount "89"]
[EventDate "2007.??.??"]
[EventType "swiss"]
[EventRounds "9"]
[EventCountry "DEN"]
[SourceDate "2005.12.01"]
[WhiteTeam "Denmark"]
[BlackTeam "Denmark"]
[WhiteTeamCountry "DEN"]
[BlackTeamCountry "DEN"]

1. d4 d5 2. Nf3 Nf6 3. c4 c6 4. Nc3 dxc4 5. e4 b5 6. a3 e6 7. Be2 Be7 8. O-O
O-O 9. Qc2 Qc7 10. Bg5 Bb7 11. e5 Nd5 12. Ne4 f6 13. Bh4 Nd7 14. Bg3 Qd8 15. h4
c5 16. exf6 N5xf6 17. Nd6 Qb6 18. dxc5 Nxc5 19. Nxb7 Qxb7 20. Ng5 Qb6 21. Be5
Ncd7 22. Bc3 h6 23. Nh3 e5 24. Rad1 Rad8 25. a4 a6 26. b3 cxb3 27. Qxb3+ Kh8
28. axb5 Ne4 29. Be1 Bxh4 30. Kh1 Bxf2 31. Bxf2 Rxf2 32. Nxf2 Nxf2+ 33. Rxf2
Qxf2 34. Qf3 Qh4+ 35. Kg1 Nc5 36. Rxd8+ Qxd8 37. Qc6 Qd4+ 38. Kf1 Qf4+ 39. Bf3
Qc1+ 40. Kf2 Qb2+ 41. Kg3 Qxb5 42. Qc8+ Kh7 43. Qf5+ Kh8 44. Qf8+ Kh7 45. Qf5+
1/2-1/2

[Event "Baltic Sea Cup"]
[Site "Ronne"]
[Date "2007.08.04"]
[Round "8.48"]
[White "Palvig, David Kinch"]
[Black "Grandadam, Patrick"]
[Result "1/2-1/2"]
[WhiteElo "1750"]
[BlackElo "1918"]
[PlyCount "98"]
[EventDate "2007.??.??"]
[EventType "swiss"]
[EventRounds "9"]
[EventCountry "DEN"]
[SourceDate "2005.12.01"]
[WhiteTeam "Denmark"]
[BlackTeam "Denmark"]
[WhiteTeamCountry "DEN"]
[BlackTeamCountry "DEN"]

1. d4 d5 2. Bf4 Nf6 3. Nf3 e6 4. e3 c5 5. c3 Nc6 6. Bd3 Bd6 7. Bg3 O-O 8. Nbd2
cxd4 9. exd4 Ng4 10. Bxd6 Qxd6 11. h3 Nf6 12. O-O e5 13. Nxe5 Nxe5 14. dxe5
Qxe5 15. Re1 Qh5 16. Nf3 Rd8 17. Re3 Be6 18. Nd4 Re8 19. Qe2 Bd7 20. Re1 g6 21.
Qf3 Qxf3 22. Rxe8+ Rxe8 23. Rxe8+ Bxe8 24. Nxf3 Kf8 25. Kf1 Nh5 26. g3 Bd7 27.
h4 Bh3+ 28. Ke2 Bg4 29. Ke3 Bxf3 30. Kxf3 Ke7 31. Ke3 Kd6 32. Be2 Nf6 33. g4
Nd7 34. Kd4 Nc5 35. Bd3 Ne6+ 36. Ke3 Ke5 37. Be2 Nf4 38. Bf3 b6 39. Bh1 Ne6 40.
b3 a5 41. Bg2 b5 42. a3 a4 43. b4 Nc7 44. Bf1 h6 45. f4+ Kd6 46. Bd3 Ke6 47.
Kd4 Kd6 48. f5 g5 49. hxg5 hxg5 1/2-1/2

[Event "Baltic Sea Cup"]
[Site "Ronne"]
[Date "2007.08.04"]
[Round "8.49"]
[White "Dinesen, Lasse Juel"]
[Black "Ochsner, Bjorn Moller"]
[Result "0-1"]
[WhiteElo "1522"]
[BlackElo "1841"]
[PlyCount "88"]
[EventDate "2007.??.??"]
[EventType "swiss"]
[EventRounds "9"]
[EventCountry "DEN"]
[SourceDate "2005.12.01"]
[WhiteTeam "Denmark"]
[BlackTeam "Denmark"]
[WhiteTeamCountry "DEN"]
[BlackTeamCountry "DEN"]

1. e4 c5 2. Nf3 Nc6 3. g3 g6 4. Bg2 Bg7 5. Nc3 d6 6. d3 Nf6 7. Bd2 O-O 8. Qc1
a6 9. Bh6 Rb8 10. Bxg7 Kxg7 11. Ne2 b5 12. h4 h5 13. Ng5 Qb6 14. b3 c4 15. O-O
Bg4 16. Nc3 cxd3 17. cxd3 Ne5 18. Qd2 Qd4 19. Nd1 Qxd3 20. Qxd3 Nxd3 21. f3 Bd7
22. Ne3 Rbc8 23. Rfd1 Ne5 24. f4 Neg4 25. Nxg4 Bxg4 26. Rd2 Rc5 27. Kf2 Rfc8
28. Ke3 Rc3+ 29. Rd3 b4 30. Bf1 a5 31. Nf3 Rxd3+ 32. Bxd3 Rc3 33. Nh2 Bd7 34.
Kd2 Bc6 35. Re1 Nd7 36. Re3 a4 37. Bc4 axb3 38. axb3 Rxe3 39. Kxe3 Nc5 40. Nf1
Nxe4 41. Bd3 Nc5 42. Nd2 Bd5 43. Bc2 Kf8 44. Kd4 Be6 0-1

[Event "Baltic Sea Cup"]
[Site "Ronne"]
[Date "2007.08.04"]
[Round "8.50"]
[White "Jacobsen, Mads Holger"]
[Black "Hornsgaard, Jens Boe"]
[Result "0-1"]
[WhiteElo "1480"]
[BlackElo "2052"]
[PlyCount "82"]
[EventDate "2007.??.??"]
[EventType "swiss"]
[EventRounds "9"]
[EventCountry "DEN"]
[SourceDate "2005.12.01"]
[WhiteTeam "Denmark"]
[BlackTeam "Denmark"]
[WhiteTeamCountry "DEN"]
[BlackTeamCountry "DEN"]

1. d4 Nf6 2. c4 g6 3. Nc3 Bg7 4. e4 d6 5. f4 O-O 6. Nf3 c5 7. d5 e6 8. Be2 exd5
9. cxd5 Re8 10. e5 dxe5 11. fxe5 Ng4 12. d6 Nxe5 13. Bf4 Nxf3+ 14. gxf3 Be5 15.
Bg3 Qf6 16. Bxe5 Qxe5 17. Qd5 Bd7 18. Qxe5 Rxe5 19. f4 Re6 20. O-O-O Bc6 21.
Rhe1 Nd7 22. Bb5 Rae8 23. Rxe6 Rxe6 24. Bc4 Re8 25. Nd5 Re4 26. b3 Kg7 27. Kd2
Re6 28. Ne7 Rxd6+ 29. Kc1 Rxd1+ 30. Kxd1 Bf3+ 31. Kd2 Nb6 32. Ke3 Bg2 33. Kf2
Bh1 34. f5 Nxc4 35. bxc4 g5 36. Nd5 Bxd5 37. cxd5 Kf8 38. Ke3 Ke7 39. Kd3 b5
40. Ke3 Kd6 41. Ke4 f6 0-1

[Event "Baltic Sea Cup"]
[Site "Ronne"]
[Date "2007.08.04"]
[Round "8.51"]
[White "Ehlers, Kjeld"]
[Black "Simonsen, Per Barndorff"]
[Result "0-1"]
[WhiteElo "1449"]
[BlackElo "2023"]
[PlyCount "26"]
[EventDate "2007.??.??"]
[EventType "swiss"]
[EventRounds "9"]
[EventCountry "DEN"]
[SourceDate "2005.12.01"]
[WhiteTeam "Denmark"]
[BlackTeam "Denmark"]
[WhiteTeamCountry "DEN"]
[BlackTeamCountry "DEN"]

1. d4 Nf6 2. c4 e6 3. Nc3 c5 4. e3 d5 5. cxd5 Nxd5 6. Nf3 Nc6 7. Bb5 Nxc3 8.
Bxc6+ bxc6 9. bxc3 Bd6 10. Qc2 h6 11. c4 cxd4 12. exd4 Bb4+ 13. Ke2 Qd5 0-1

[Event "Baltic Sea Cup"]
[Site "Ronne"]
[Date "2007.08.04"]
[Round "8.52"]
[White "Hein, Jacob"]
[Black "Zachariassen, John"]
[Result "0-1"]
[WhiteElo "1329"]
[BlackElo "1939"]
[PlyCount "72"]
[EventDate "2007.??.??"]
[EventType "swiss"]
[EventRounds "9"]
[EventCountry "DEN"]
[SourceDate "2005.12.01"]
[WhiteTeam "Denmark"]
[BlackTeam "Denmark"]
[WhiteTeamCountry "DEN"]
[BlackTeamCountry "DEN"]

1. e4 g6 2. Nf3 Bg7 3. d4 d6 4. h3 c6 5. c3 Nd7 6. Bd3 Ngf6 7. O-O e5 8. Re1
O-O 9. Bg5 h6 10. Bh4 g5 11. Nxg5 hxg5 12. Bxg5 Qa5 13. d5 Re8 14. b4 Qc7 15.
Qd2 Nh7 16. Bh6 Ndf8 17. Re3 Bxh6 18. Rg3+ Bg7 19. Qh6 f6 20. Bc4 Kh8 21. Qh4
Qe7 22. dxc6 bxc6 23. Na3 Ne6 24. Nc2 Nf4 25. Ne3 Bd7 26. Kh2 Rad8 27. Rh1 Bc8
28. Ng4 d5 29. exd5 cxd5 30. Bb3 f5 31. Qxe7 Rxe7 32. Ne3 Rd6 33. Nf1 e4 34.
Re3 Rc7 35. g3 Nxh3 36. f4 Nf2 0-1

[Event "Baltic Sea Cup"]
[Site "Ronne"]
[Date "2007.08.04"]
[Round "8.54"]
[White "Holm, Kristian Stuvik"]
[Black "Valle, Lorenzo"]
[Result "1-0"]
[WhiteElo "1000"]
[BlackElo "1541"]
[PlyCount "109"]
[EventDate "2007.??.??"]
[EventType "swiss"]
[EventRounds "9"]
[EventCountry "DEN"]
[SourceDate "2005.12.01"]
[WhiteTeam "Denmark"]
[BlackTeam "Denmark"]
[WhiteTeamCountry "DEN"]
[BlackTeamCountry "DEN"]

1. d4 Nf6 2. c4 e5 3. dxe5 Ng4 4. Nf3 Bc5 5. e3 Nc6 6. a3 a5 7. Nc3 O-O 8. Be2
Ngxe5 9. O-O Nxf3+ 10. Bxf3 Ne5 11. Be2 Re8 12. Rb1 Ra6 13. b4 axb4 14. axb4
Bf8 15. Bb2 Bxb4 16. f4 Bc5 17. fxe5 Bxe3+ 18. Kh1 Rae6 19. Nd5 Bc5 20. Bg4 Rh6
21. Qf3 Kh8 22. h3 c6 23. Ne3 Rf8 24. Nf5 Rg6 25. Rbe1 Qg5 26. Re2 b6 27. Bh5
Re6 28. Qg4 Qxg4 29. Bxg4 Rg6 30. Bc1 Ba6 31. Rc2 Re6 32. Bb2 Rg6 33. Ra1 Ra8
34. Bd4 Bxd4 35. Nxd4 c5 36. Nf5 Bb7 37. Rxa8+ Bxa8 38. Ra2 Be4 39. Nd6 Bc6 40.
Bf3 Bxf3 41. gxf3 h6 42. Kh2 f6 43. Ra7 fxe5 44. Nf7+ Kh7 45. Nxe5 Rf6 46. Rxd7
Rf5 47. Rd5 g5 48. Kg3 Rf4 49. Rd7+ Kg8 50. Rd6 Rf5 51. Ng6 Kh7 52. Rxb6 Rf7
53. Rc6 Ra7 54. Ne5 Ra5 55. Nd3 1-0

[Event "Baltic Sea Cup"]
[Site "Ronne"]
[Date "2007.08.04"]
[Round "8.55"]
[White "Schiendorfer, Alexander"]
[Black "Trarup, Jorgen"]
[Result "1-0"]
[WhiteElo "1811"]
[BlackElo "1863"]
[PlyCount "61"]
[EventDate "2007.??.??"]
[EventType "swiss"]
[EventRounds "9"]
[EventCountry "DEN"]
[SourceDate "2005.12.01"]
[WhiteTeam "Denmark"]
[BlackTeam "Denmark"]
[WhiteTeamCountry "DEN"]
[BlackTeamCountry "DEN"]

1. e4 c5 2. c3 Nc6 3. d4 cxd4 4. cxd4 e6 5. Nc3 Bb4 6. Nf3 Bxc3+ 7. bxc3 Nce7
8. Ne5 Nc6 9. Nf3 h6 10. d5 exd5 11. exd5 Qe7+ 12. Be3 Ne5 13. Nd4 Nf6 14. Nf5
Qa3 15. Qd4 d6 16. Bb5+ Kf8 17. Bc1 Qa5 18. Nxd6 Nfd7 19. O-O Qb6 20. Qxb6 Nxb6
21. Re1 f6 22. f4 Ke7 23. fxe5 fxe5 24. Ba3 Kf6 25. Rf1+ Kg6 26. Bd3+ Kh5 27.
c4 Na4 28. Ne4 Bd7 29. Ng3+ Kg4 30. Be7 Nc3 31. h3+ 1-0

[Event "Baltic Sea Cup"]
[Site "Ronne"]
[Date "2007.08.04"]
[Round "8.56"]
[White "Ronne Larsen, Dennis"]
[Black "Holt, Michael"]
[Result "0-1"]
[WhiteElo "1000"]
[BlackElo "1000"]
[PlyCount "74"]
[EventDate "2007.??.??"]
[EventType "swiss"]
[EventRounds "9"]
[EventCountry "DEN"]
[SourceDate "2005.12.01"]
[WhiteTeam "Denmark"]
[BlackTeam "Denmark"]
[WhiteTeamCountry "DEN"]
[BlackTeamCountry "DEN"]

1. d4 g6 2. d5 Nf6 3. Qd4 Bg7 4. b3 c6 5. Qh4 Nxd5 6. Bh6 Bxa1 7. c3 Nxc3 8.
Bg7 Nxb1 9. Bxa1 Rf8 10. Bg7 Qa5+ 11. b4 Qxa2 12. Bh6 Rg8 13. Nf3 Na6 14. Bg5
h5 15. Bxe7 Nxb4 16. Bxb4 Qe6 17. g3 a5 18. Nd4 Qe5 19. Bg2 axb4 20. e3 b3 21.
O-O Ra1 22. Nxb3 Na3 23. Nxa1 b5 24. f4 Qc5 25. Nb3 Qxe3+ 26. Rf2 Qxb3 27. Re2+
Kf8 28. Qe7+ Kg7 29. Rd2 Qc3 30. Rd6 Qa1+ 31. Kf2 Qc3 32. f5 Nc4 33. f6+ Kh8
34. Rd1 Qc2+ 35. Ke1 Qxg2 36. Qxf7 Ne5 37. Qe7 Nf3# 0-1

[Event "Baltic Sea Cup"]
[Site "Ronne"]
[Date "2007.08.04"]
[Round "8.53"]
[White "Hansen, Anders"]
[Black "Olsen, Karsten Kierkegaard"]
[Result "0-1"]
[WhiteElo "1795"]
[BlackElo "1598"]
[PlyCount "110"]
[EventDate "2007.??.??"]
[EventType "swiss"]
[EventRounds "9"]
[EventCountry "DEN"]
[SourceDate "2005.12.01"]
[WhiteTeam "Denmark"]
[BlackTeam "Denmark"]
[WhiteTeamCountry "DEN"]
[BlackTeamCountry "DEN"]

1. d4 Nf6 2. c4 e6 3. Nc3 d5 4. Nf3 c6 5. e3 a6 6. Qc2 Nbd7 7. Bd3 dxc4 8. Bxc4
b5 9. Bd3 Qc7 10. O-O Bd6 11. e4 e5 12. Bg5 O-O 13. Ne2 Re8 14. Ng3 h6 15. Be3
Ng4 16. Nf5 Bf8 17. a4 Nxe3 18. fxe3 Bb7 19. axb5 Qb6 20. bxa6 Bxa6 21. b3 Bxd3
22. Qxd3 Rab8 23. Rab1 c5 24. d5 Qb4 25. Nd2 Rb6 26. Nc4 Rg6 27. d6 Ree6 28.
Qd5 Qb5 29. Kh1 Nf6 30. Qd3 Rg4 31. Nxe5 Qxd3 32. Nxd3 Nd7 33. Rbc1 g6 34. Ne7+
Bxe7 35. dxe7 Rxe7 36. Nxc5 Nxc5 37. Rxc5 Rgxe4 38. Kg1 Rxe3 39. Rb1 Re1+ 40.
Rxe1 Rxe1+ 41. Kf2 Rb1 42. Rc3 g5 43. Kf3 h5 44. Ke4 Rb2 45. Rg3 f6 46. h4 g4
47. Kd5 Kg7 48. Kc5 f5 49. b4 f4 50. Rd3 Rxg2 51. Rb3 f3 52. b5 f2 53. b6 f1=Q
54. b7 Rc2+ 55. Kb4 Qc4+ 0-1